000 00685nam a2200193Ia 4500
003 LDD
008 190117s9999 xx 000 0 und d
020 _a9789381467169
_c₹215
040 _cLDD
041 _ahi
082 _a8H3.7 ना1646ए
100 _aनागदेव, नरेन्द्र
245 0 _aएक स्विच था भोपाल में
_cनरेन्द्र नागदेव
260 _aनई दिल्ली
_bकिताबघर प्रकाशन
_c2012
300 _a139पृ.
901 _aKGP
904 _aReqst by : Jitendra Shriwastava
942 _2ddc
_cH
999 _c162143
_d162143